Science Quiz

Random Science or Clickable Quiz

Quick Pick: Animal by Species XIII Quiz Stats

 Plays Quiz not verified by Sporcle

Score 0/10 Timer 02:00
0 Plays Today
% Correct
antelope
93.7%
mosquito
92%
tuna
90.3%
mole
85.1%
python
84.6%
duck
80%
woodpecker
80%
crayfish
76.6%
coral
75.4%
rat
70.9%

You're not logged in!

Compare scores with friends on all Sporcle quizzes.
OR
Log In

Sporcle TV

Today on Sporcle TV


Watch our educational content, quiz creation guides, and fun videos on Sporcle TV.

Show Comments

Extras

Top Quizzes Today


Score Distribution

Your Account Isn't Verified!

In order to create a playlist on Sporcle, you need to verify the email address you used during registration. Go to your Sporcle Settings to finish the process.

Report this User

Report this user for behavior that violates our Community Guidelines.

Details: